| 000 | 00855pam a2200277 i 4500 | ||
|---|---|---|---|
| 001 | 4189903 | ||
| 003 | ARRUPE | ||
| 005 | 20150109130123.0 | ||
| 008 | 800626s1980 mnua b 001 0 eng | ||
| 010 | _a 80018423 | ||
| 040 |
_aDLC _cDLC _dDLC |
||
| 050 | 0 | 0 |
_aQC173.59.S65 _bS24 1980 |
| 082 | 0 | 0 |
_a530.1/1 _219 |
| 100 | 1 |
_aSalmon, Wesley C. _913657 |
|
| 245 | 1 | 0 |
_aSpace, time, and motion : _ba philosophical introduction / _cWesley C. Salmon. |
| 250 | _a2d ed., rev. | ||
| 260 |
_aMinneapolis : _bUniversity of Minnesota Press, _cc1980. |
||
| 300 |
_a159 p. : _bill. ; _c23 cm. |
||
| 500 | _aIncludes index. | ||
| 504 | _aBibliography: p. [141]-151. | ||
| 650 | 0 |
_aSpace and time. _92213 |
|
| 650 | 0 |
_aMotion. _913658 |
|
| 650 | 0 |
_aPhysics _xPhilosophy. _913659 |
|
| 906 |
_a7 _bcbc _corignew _du _eocip _f19 _gy-gencatlg |
||
| 942 |
_2lcc _cMONOGRAPH |
||
| 999 |
_c121567 _d121567 |
||